| 000 | 00404nam a2200157 a 4500 | ||
|---|---|---|---|
| 005 | 20140412111315.0 | ||
| 008 | 010417s19uu xx 00 eng d | ||
| 020 | _a0-7500-8999-7 | ||
| 050 |
_aM 500 _bK41 1993 |
||
| 100 | _aKerrod, Robin | ||
| 245 |
_aEveryday world of science / _cRobin Kerrod. |
||
| 260 |
_bBeehive Books, _c1993. |
||
| 300 | _a160 p. ; ill. | ||
| 650 | _aScience | ||
| 999 |
_c104190 _d104190 |
||